000 00632nam a2200181Ia 4500
008 090124s9999 xx 000 0 und d
082 _b204940
100 _aअग्रवाल विनीता
245 _a जमीन का आखिरी टुकडा
250 _a1
260 _bअग्रवाल विनीता
_c1998
300 _a31
600 _aअग्रवाल विनीता
630 _a जमीन का आखिरी टुकडा
700 _aअग्रवाल विनीता
730 _a जमीन का आखिरी टुकडा
942 _cBOOK
999 _c186521
_d186521